1369 1291 1060 1182 1735 1568 1891 1231 1545 1932 1567 1447 1967 1500 1721 1157 1841 1072 1273 1485 1596 1713 1550 1110 1208 1306 1445 1384 1583 1853 1743 1393 1459 1484 1721 1741 1022 1803 1398 1668 1955 1381 1727 1810 1649 1614 1672 1975 1473 1863 1429 1510 1058 1024 1226 1061 1667 1581 1207 1704 1053 1247 1325 1857 1682 1993 1323 1562 1816 1837 1279 1223 1341 1340 1195 1404 1361 1974 1874 1485 1550 1666 1980 1254 1816 1838 1990 1041 1866 1879 1425 1309 1935 1473 1113 1364 1434 1536 1258 BCNSPRNW ULIB Ver.6.0+V

เปลี่ยนเป็นภาษาไทย

Change to English
 แสดงรายละเอียดบรรณานุกรม
  กลับหน้าหลัก

Brief Record : Get Marc (ISO 2709) : E-mail record : QR code < ปิดหน้าต่าง
LEADER : 00000nam 2200000uu 4500
001    13399121017
003     ULIB
008    020711s2549 th a 000 0 tha d
020    9789745345232
020    9745345237
050    HF5549^bณ318ก
100    ณัฏฐพันธ์ เขจรนันท์
245    การจัดการทรัพยากรมนุษย์ /^cณัฏฐพันธ์ เขจรนันท์
260    กรุงเทพฯ :^bซีเอ็ด,^c2549
300    312 หน้า
650    การบริหารงานบุคคล
945    ^p200^l0^i14833
945    ^p200^l0^i022432
999    ^aทศพร เกษรทอง
รายการนี้ยังไม่มีแท็ก
คุณยังไม่ได้ล็อกอิน คุณสามารถมีกิจกรรมร่วมกับเว็บไซต์ได้ แต่ต้องล็อกอินก่อน ::
  ล็อกอิน

รายการสื่อสารสนเทศ

ลำดับที่ ประเภท เลขเรียก/บาร์โค้ด สถานที่ สถานะ
1. การศึกษาทั่วไป
การศึกษาทั่วไป
HF5549 ณ318ก ฉ.1 
  Barcode: 14833
ห้องสมุดวิทยาเขตสวรรค์ประชารักษ์
►หนังสือทั่วไป
บนชั้น
2. การศึกษาทั่วไป
การศึกษาทั่วไป
HF5549 ณ318ก ฉ.2 
  Barcode: 022432
ห้องสมุดวิทยาเขตนครสวรรค์
►หนังสือทั่วไป:l:General Books
บนชั้น

รายการใกล้เคียง
    หัวเรื่อง [การบริหารงานบุคคล]

BibComment


ยังไม่เคยถูกคอมเมนท์

คอมเมนท์ทรัพยากรรายการนี้
  คอมเมนท์: การจัดการทรัพยากร..


 Copyright 2026. Bcnsprnw @Library